000 00640nam a2200241Ia 4500
003 OSt
005 20220918165606.0
006 a|||||r|||| 00| 0
007 ta
008 220917b |||||||| |||| 00| 0 eng d
020 _a8170002249 (hbk)
024 _a112,808
037 _cTextual
040 _aARTS
_cARTS
_beng
041 _2eng
_aeng
082 _a2:7, N8;1
100 _aKhan MTM
_924880
245 0 _aInformation
_b Organisation and communication
260 _aNew Delhi
_bEss Ess Publishers India
_c1998
650 _aLIBRARY SCIENCE
942 _h2:7, N8;1
_cTEXL
_2CC
999 _c130460
_d130460